Financial Management of Firms and Financial Institutions 2025 15th International Scientific Conference : Proceedings

Na minha lista:
Detalhes bibliográficos
Autor Corporativo: Financial Management of Firms and Financial Institutions 2025. International Scientific Conference
Formato: Livro
Idioma:inglês
Publicado em: Ostrava VŠB - Technická univerzita Ostrava 2025
Edição:1st Edition
Assuntos:
Tags: Adicionar Tag
Sem tags, seja o primeiro a adicionar uma tag!

MARC

LEADER 00000nlm a2200000 4500
001 0312144
005 20250909134058.6
020 |a 978-80-248-4822-8 
022 |a 2336-162X (on-line) 
041 0 |a eng 
044 |a CZ 
245 1 0 |a Financial Management of Firms and Financial Institutions 2025  |b 15th International Scientific Conference : Proceedings 
250 |a 1st Edition 
264 1 |a Ostrava  |b VŠB - Technická univerzita Ostrava  |c 2025 
300 |a 93 s. 
610 2 0 |a manažment finančný 
610 2 0 |a firmy 
610 2 0 |a inštitúcie finančné 
110 2 |a Financial Management of Firms and Financial Institutions 2025. International Scientific Conference